[Event "ICS Rated standard match"]
[Site "207.99.5.190"]
[Date "1999.03.14"]
[Round "?"]
[White "TDChess"]
[Black "Hossa"]
[Result "1-0"]
[WhiteElo "2389"]
[BlackElo "2160"]
[Annotator "Crafty v16.5"]
[PlyCount "145"]

{annotating for player Hossa using a scoring margin of +0.10 pawns. search
time limit is 10.00} 1. e4 1... c5 2. Nf3 Nf6 3. e5 Nd5 4. Nc3 Nxc3 ({8:-0.63} 
4... Nxc3 5. dxc3 d6 6. Bc4 Nc6 7. O-O dxe5 8. Qxd8+ Nxd8 9. Nxe5 9... Bf5 $14)
({8:-0.48} 4... Nf4 5. Na4 d6 6. d4 Ng6 7. exd6 Qa5+ 8. Nc3 8... exd6 $14) 5.
dxc3 Qc7 ({8:-0.86} 5... Qc7 6. Bc4 Nc6 7. Bf4 d6 8. exd6 exd6 9. Qe2+ Qe7 10.
Qxe7+ Bxe7 11. O-O-O $16) ({8:-0.69} 5... d6 6. Bc4 Nc6 7. O-O Bf5 8. Qe2 Bg4
9. e6 fxe6 10. Bxe6 Bxe6 11. Qxe6 $14) 6. Bb5 a6 7. Bc4 Nc6 8. Bf4 Qb6 ({
8:-0.95} 8... Qb6 9. Qc1 Na5 10. Bd3 c4 11. Bf5 d5 12. Be3 $16) ({8:-0.80} 8...
e6 9. Qd2 Be7 10. O-O b5 11. Bd3 O-O 12. Rad1 $16) 9. Rb1 e6 10. O-O Be7 11.
Qd2 O-O 12. Rfd1 Qa5 13. Ra1 Qb6 14. b3 Qa5 15. Qe3 f6 16. a4 Rf7 ({9:-0.43} 
16... Rf7 17. exf6 Bxf6 18. Ng5 Qxc3 19. Bd3 Bxg5 20. Bxh7+ Kxh7 21. Qxc3 Bxf4
22. Qxc5 $14) ({9:-0.32} 16... fxe5 17. Nxe5 Nxe5 18. Bxe5 d5 19. Bd3 Bh4 20.
f4 Bd7 21. Rac1 21... Rad8 $14) 17. exf6 Rxf6 18. Ne5 Nxe5 19. Bxe5 Rf7 20. Bd6
Bh4 21. f4 Be7 22. Bxe7 Rxe7 23. Rd5 Qd8 24. Rxc5 d5 25. Be2 Qd6 26. Rd1 Bd7
27. Rc4 Rf8 28. Rcd4 Ref7 29. g3 Rc8 30. c4 Qb6 31. R1d2 Rc7 32. cxd5 exd5 33.
R4d3 Qxe3+ 34. Rxe3 Bc6 35. c4 d4 36. Rxd4 Rf8 37. Bg4 Kf7 38. Be6+ Kg6 39. Rd6
Rf6 40. c5 h6 41. Re5 Rf8 42. Bd7+ Rf6 43. Bf5+ Kf7 44. Be6+ Kg6 45. h4 Kh7 46.
Bf5+ Kg8 47. Rd8+ Kf7 48. h5 Bf3 49. Bd3 Re6 50. Bg6+ Rxg6 51. hxg6+ Kxg6 52.
Kf2 Bg4 53. Rd6+ Kf7 54. f5 Kg8 55. Ke3 Kf7 56. b4 Bh3 57. b5 axb5 58. axb5 Kg8
59. Rd8+ Kh7 60. Kf4 Rf7 61. g4 g6 62. c6 bxc6 63. bxc6 Kg7 64. Ree8 gxf5 65.
Rg8+ Kh7 66. Rh8+ Kg6 67. Rdg8+ Kf6 68. Rxh6+ Ke7 69. Ke5 Rf8 70. Rh7+ Rf7 71.
c7 Rxh7 72. c8=Q fxg4 73. Qb7# 1-0

[Event "ICS rated bullet match"]
[Site "207.99.5.190"]
[Date "1999.03.14"]
[Round "?"]
[White "Hossa"]
[Black "TDChess"]
[Result "0-1"]
[WhiteElo "2392"]
[BlackElo "2559"]
[Annotator "Crafty v16.5"]
[PlyCount "140"]

{annotating for player Hossa using a scoring margin of +0.10 pawns. search
time limit is 10.00} 1. e4 1... d5 2. exd5 Qxd5 3. Nc3 Qe6+ 4. Be2 Qg6 5. Bf3
Nc6 6. Nb5 ({7:+0.20} 6. Nb5 6... Nb4 7. d3 Qb6 8. c4 Bf5 9. Be4 $10) ({7:+0.37
} 6. d3 6... Nd4 7. Be3 Qd6 8. Bxd4 Qxd4 9. Nge2 9... Qe5 $14) 6... Kd8 7. d3
Ne5 8. Be4 f5 9. d4 ({8:-0.49} 9. d4 9... fxe4 10. dxe5+ Bd7 11. g3 c6 12. Nd4
Kc7 13. Nge2 $15) ({8:-0.32} 9. Bf3 9... Bd7 10. Nd4 Rb8 11. Nh3 Qd6 12. c3
12... Nf6 $15) 9... Nf7 10. Bd5 ({9:-0.96} 10. Bd5 10... c6 11. Bxf7 Qxg2 12.
Qf3 Qxf3 13. Nxf3 cxb5 14. Bf4 14... Nf6 $17) ({9:+0.28} 10. Bf3 10... Bd7 11.
Nc3 Rb8 12. Nge2 Ng5 13. Bd5 Nf6 14. O-O Nxd5 15. Nxd5 $10) 10... c6 11. Bxf7
Qxg2 12. Qf3 Qxf3 13. Nxf3 cxb5 14. Ng5 Nh6 15. Ne6+ ({10:-0.53} 15. Ne6+ 15...
Bxe6 16. Bxe6 g6 17. Bf4 Ng4 18. f3 Nf6 19. O-O-O Bg7 20. Rhe1 20... b4 $15) ({
10:-0.18} 15. Bf4 15... Kd7 16. Bd5 Ke8 17. O-O-O b4 18. Rhe1 Ng4 19. Nf7 19...
Rg8 $10) 15... Bxe6 16. Bxe6 g6 17. Bf4 Ng4 18. f3 ({10:-0.57} 18. f3 18... Nf6
19. O-O-O Bg7 20. Rhe1 Nh5 21. Bd2 Kc7 22. Ba5+ Kc6 23. Bb4 $15) ({10:-0.19} 
18. Bd5 18... Rc8 19. c3 Bh6 20. Bxh6 Nxh6 21. Bxb7 Rb8 22. Bd5 Ng4 23. O-O $10
) 18... Bh6 19. fxg4 Bxf4 20. gxf5 Kc7 21. fxg6 ({8:-0.05} 21. fxg6 21... hxg6
22. h3 Raf8 23. Rg1 Rf6 24. d5 Be3 25. Rf1 Rxf1+ 26. Kxf1 $10) ({8:+0.07} 21.
Ke2 21... Rad8 22. Kd3 Kd6 23. Rae1 g5 24. Rhg1 24... b4 $10) 21... hxg6 22. h3
Rhf8 23. Ke2 Rad8 24. Rhd1 Bg3 25. Ke3 Rf6 26. d5 Rdf8 27. Kd4 Rf4+ 28. Kc3 Bf2
29. Rd3 b4+ 30. Kb3 Kd6 31. Rad1 g5 32. R3d2 Rd8 33. Re2 Re8 34. Rdd2 Ref8 35.
Rd3 Bd4 36. Rg2 Bf6 37. Rgg3 a5 38. a3 bxa3 39. Kxa3 Rf2 40. c3 b5 41. Rdf3 b4+
42. Kb3 Rd2 43. Ka4 Rxb2 44. cxb4 axb4 45. Rb3 Kc5 46. Rxb2 Ra8+ 47. Kb3 Ra3+
48. Kc2 Rxg3 49. Rb1 Rc3+ 50. Kd2 Be5 51. Rf1 b3 52. Rg1 b2 53. Rb1 Rc4 54. Bf7
Kb4 55. Be6 Rc1 56. Bf5 Ka3 57. Bc2 Ka2 58. Rxb2+ Kxb2 59. Bf5 Rc5 60. Be6 Rc4
61. Ke3 Kc3 62. Kf3 Kd2 63. Kg2 Ke3 64. Kf1 Rc2 65. Kg1 Bd4 66. Kf1 Rf2+ 67.
Kg1 Kf3 68. h4 Rd2+ 69. Kh1 Kg3 70. hxg5 Rd1# 0-1

[Event "ICS rated standard match"]
[Site "207.99.5.190"]
[Date "1999.03.14"]
[Round "?"]
[White "Hossa"]
[Black "TDChess"]
[Result "0-1"]
[WhiteElo "2153"]
[BlackElo "2396"]
[Annotator "Crafty v16.5"]
[PlyCount "105"]

{annotating for player Hossa using a scoring margin of +0.10 pawns. search
time limit is 10.00} 1. e4 1... d5 2. exd5 Qxd5 3. Nc3 Qe6+ 4. Be2 Qg6 5. Bf3
Nc6 6. d3 Nd4 7. Be3 e5 8. Bxd4 exd4 9. Qe2+ Kd8 10. Nb5 Qb6 11. Qe5 Bd7 12. a4
Nf6 13. Ne2 ({8:-0.43} 13. Ne2 13... Bb4+ 14. Kf1 Bc5 15. Qg5 Bxb5 16. axb5
Qxb5 17. Qxg7 17... Ke7 $15) ({8:-0.30} 13. O-O-O 13... c5 14. Bd5 Bxb5 15.
axb5 Bd6 16. Qg5 Ke7 17. Be4 $10) 13... Bb4+ 14. Kf1 Kc8 15. Qxd4 Bc5 16. Qc4 (
{8:+0.51} 16. Qc4 16... a6 17. Nbd4 Qxb2 18. Nb3 Bf8 19. Ned4 19... Be8 $14) ({
8:+0.62} 16. Qc3 16... Bxb5 17. axb5 Bxf2 18. Qc4 Rf8 19. d4 Be3 20. Re1 $14)
16... a6 17. b4 ({8:-0.23} 17. b4 17... axb5 18. bxc5 bxc4 19. cxb6 Rxa4 20.
Rb1 cxd3 21. cxd3 $10) ({8:+0.80} 17. Nbc3 17... Bxf2 18. Qxf7 Bh4 19. Nd1 Qa5
20. Ndc3 20... Qg5 $16) 17... axb5 18. bxc5 bxc4 19. cxb6 Rxa4 20. Rxa4 ({
9:-0.52} 20. Rxa4 20... Bxa4 21. dxc4 Bxc2 22. bxc7 Kxc7 23. Nd4 Bd3+ 24. Be2
Ra8 25. Nb5+ Kd7 26. Bxd3 Ra1+ 27. Bb1 27... Rxb1+ $15) ({9:-0.41} 20. Rc1
20... cxb6 21. Nc3 Rb4 22. Nd5 Nxd5 23. Bxd5 Bb5 24. Bxf7 Kd7 25. dxc4 25...
Bxc4+ $15) 20... Bxa4 21. dxc4 Bxc2 22. g3 ({10:-0.86} 22. g3 22... cxb6 23.
Nd4 Bd3+ 24. Be2 Bxe2+ 25. Kxe2 Re8+ 26. Kf3 Nd7 27. Kg2 Ne5 28. Re1 28... Kd7
$17) ({10:-0.52} 22. Nd4 22... Bd3+ 23. Be2 Bxe2+ 24. Kxe2 cxb6 25. Nf5 Kc7 26.
Rd1 Re8+ 27. Kf3 Re4 28. Nd6 28... Re7 $15) 22... cxb6 23. Kg2 Rd8 24. Rc1 Be4
25. Bxe4 ({9:-0.91} 25. Bxe4 25... Nxe4 26. Nc3 Nxc3 27. Rxc3 Rd2 28. Kf3 Kd7
29. Ke3 Ra2 30. h3 $17) ({9:-0.71} 25. Nc3 25... Bg6 26. Re1 Bd3 27. Rc1 h6 28.
Bd5 Nxd5 29. Nxd5 29... Rd6 $17) 25... Nxe4 26. h4 Kc7 27. Ng1 Kc6 28. f4 Rd2+
29. Kf3 Nd6 30. Ke3 Ra2 31. Kd4 Nf5+ 32. Kc3 Ra3+ 33. Kb4 Rxg3 34. Rd1 h5 35.
Ne2 Rg2 36. Nc1 Nxh4 37. Nd3 f6 38. Re1 Rg3 39. Nc1 Ng2 40. Re4 Re3 41. Rxe3
Nxe3 42. Ne2 h4 43. Ng1 g5 44. fxg5 fxg5 45. Nf3 h3 46. Kc3 g4 47. Nd4+ Kd6 48.
Kd3 h2 49. Kxe3 h1=Q 50. Kd3 g3 51. Kd2 g2 52. Nf3 g1=Q 53. Nxg1 0-1

[Event "ICS rated standard match"]
[Site "207.99.5.190"]
[Date "1999.03.14"]
[Round "?"]
[White "Hossa"]
[Black "thinwhiteduke"]
[Result "1-0"]
[WhiteElo "2141"]
[BlackElo "1846"]
[PlyCount "22"]

1. e4 e5 2. Nf3 Nf6 3. Nc3 d6 4. d4 exd4 5. Nxd4 Bd7 6. Be3 Nc6 7. Bb5 Ne5 8.
Bg5 Be7 9. Nf5 Rg8 10. Nxe7 Qxe7 11. Nd5 11... Qe6 {thinwhiteduke resigns} 1-0

[Event "ICS rated blitz match"]
[Site "207.99.5.190"]
[Date "1999.03.14"]
[Round "?"]
[White "Hossa"]
[Black "wolfschanze"]
[Result "0-1"]
[WhiteElo "2574"]
[BlackElo "2645"]
[Annotator "Crafty v16.5"]
[PlyCount "75"]

{annotating for player Hossa using a scoring margin of +0.10 pawns. search
time limit is 20.00} 1. e4 1... e5 2. Nf3 Nc6 3. Bc4 Bc5 4. c3 ({9:-0.33} 4. c3
4... Nf6 5. d3 O-O 6. O-O d5 7. exd5 Nxd5 8. Bg5 8... Qd6 $15) ({9:-0.16} 4.
O-O 4... Nf6 5. d3 O-O 6. Nc3 d6 7. Bg5 Bg4 8. Qe2 $10) 4... Nf6 5. d4 exd4 6.
e5 d5 7. Bb5 Ne4 8. cxd4 Bb6 9. Bxc6+ bxc6 10. Qc2 c5 11. dxc5 Bxc5 12. O-O Bf5
13. Ng5 ({9:+0.05} 13. Ng5 13... Qe7 14. Nxe4 Bxe4 15. Qa4+ Qd7 16. Qxd7+ Kxd7
17. Nc3 Rab8 18. Rd1 Ke6 19. Nxe4 19... dxe4 $10) ({9:+0.45} 13. b4 13... Bb6
14. Qc6+ Kf8 15. Nbd2 Nxd2 16. Bxd2 Rb8 17. Bg5 Qd7 18. Qc3 $14) 13... Qe7 14.
Nxe4 Bxe4 15. Qa4+ Qd7 16. Qxd7+ Kxd7 17. Nc3 Ke6 18. Nxe4 ({10:-0.51} 18. Nxe4
18... dxe4 19. Be3 Bb6 20. Bxb6 cxb6 21. f3 Kxe5 22. fxe4 Rhf8 23. Rae1 23...
Rad8 $15) ({10:-0.36} 18. Be3 18... Bxe3 19. fxe3 Rhd8 20. Rac1 Rd7 21. Nb5
Kxe5 22. Nxc7 Rc8 23. Nb5 Rxc1 24. Rxc1 $15) 18... dxe4 19. Be3 Bb6 20. Bxb6
axb6 21. f3 exf3 22. Rxf3 Rhd8 23. Rg3 ({9:-1.02} 23. Rg3 23... g6 24. Rc3 Rd7
25. a3 Kxe5 26. Re1+ Kf4 27. Rf3+ Kg4 28. Kf2 $17) ({9:-0.65} 23. b4 23... Rd2
24. a3 Rad8 25. Rc3 R8d7 26. Rac1 b5 27. Rxc7 27... Kxe5 $15) 23... Rd2 24.
Rxg7 Rxb2 25. a4 b5 26. a5 c5 27. Rxh7 c4 28. a6 c3 29. Kf1 c2 30. Re1 Rb1 31.
Rh6+ Kd5 32. Rd6+ Kc5 33. g3 Rxe1+ 34. Kxe1 c1=Q+ 35. Kf2 Qb2+ 36. Kf3 Qxe5 37.
Rd2 Qc3+ 38. Ke2 0-1

[Event "ICS rated standard match"]
[Site "207.99.5.190"]
[Date "1999.03.14"]
[Round "?"]
[White "TDChess"]
[Black "Hossa"]
[Result "1-0"]
[WhiteElo "2408"]
[BlackElo "2143"]
[Annotator "Crafty v16.5"]
[PlyCount "96"]

{annotating for player Hossa using a scoring margin of +0.10 pawns. search
time limit is 20.00} 1. d4 1... Nf6 2. Nf3 e6 3. e3 Be7 4. Bd3 O-O 5. O-O d5 6.
c4 Nc6 7. Nc3 Nb4 8. Be2 Bd7 9. Qb3 a5 10. a3 a4 ({10:-0.49} 10... a4 11. Qd1
Nc6 12. Ne5 dxc4 13. Nxd7 Qxd7 14. f4 g5 15. Bxc4 gxf4 16. Rxf4 $14) ({10:-0.22
} 10... dxc4 11. Qxc4 Nbd5 12. Ne5 Nb6 13. Qd3 c5 14. Bf3 Qc7 15. Nxd7 Qxd7 16.
Rd1 $10) 11. Qd1 Nc6 12. Ne5 Be8 13. Qd3 Na5 ({8:-0.66} 13... Na5 14. Bd1 Nb3
15. Bxb3 axb3 16. Ne2 dxc4 17. Qxc4 Ne4 18. Qxb3 $14) ({8:-0.44} 13... dxc4 14.
Nxc4 Na7 15. Bf3 Rb8 16. Bd2 Nc8 17. d5 17... c6 $14) 14. Bd1 Nb3 ({9:-0.73} 
14... Nb3 15. Bxb3 axb3 16. c5 Nd7 17. Nxd7 Bxd7 18. Qd1 e5 19. Nxd5 19... Bb5
$16) ({9:-0.29} 14... dxc4 15. Nxc4 Nxc4 16. Qxc4 Ra5 17. f4 b5 18. Qd3 18...
c5 $10) 15. Bxb3 axb3 16. c5 Ra5 ({10:-1.38} 16... Ra5 17. Qd1 Nd7 18. Nxd7
Bxd7 19. Qxb3 b6 20. cxb6 cxb6 21. f4 g5 22. Qc2 gxf4 23. Rxf4 $16) ({10:-0.41
} 16... b6 17. cxb6 c5 18. b7 Rb8 19. f4 Rxb7 20. Re1 Rc7 21. a4 cxd4 22. exd4
$14) 17. Qd1 Nd7 18. Nd3 Ra7 ({9:-1.47} 18... Ra7 19. Qxb3 g5 20. f4 gxf4 21.
exf4 Nf6 22. Qd1 Ne4 23. Qg4+ 23... Kh8 $16) ({9:-1.27} 18... b6 19. cxb6 Nxb6
20. Qxb3 c5 21. dxc5 Bxc5 22. Qc2 Bd6 23. b3 23... Bc6 $16) 19. Qxb3 c6 20. e4
dxe4 21. Nxe4 Nf6 22. Nxf6+ Bxf6 23. Bf4 Bd7 24. Ne5 Bc8 25. Rfd1 Ra8 26. Rd3
Ra7 27. Nc4 Qd5 28. Re1 Qf5 29. Bd6 Rd8 30. Nb6 Re8 31. Bb8 Ra5 32. a4 Qg6 33.
Rg3 Qh5 34. Qb4 Ra6 35. Nxc8 b5 36. cxb6 Rxc8 37. Bc7 Qh4 38. b7 Raa8 39. Rd3
Rcb8 40. bxa8=Q Rxa8 41. Qb7 Rf8 42. Bd6 Rd8 43. Bg3 Qg4 44. Bc7 Rf8 45. Qxc6
Rc8 46. b4 Rf8 47. b5 Qh4 48. Red1 Qg5 1-0

[Event "ICS Rated standard match"]
[Site "207.99.5.190"]
[Date "1999.03.14"]
[Round "?"]
[White "Hossa"]
[Black "TDChess"]
[Result "0-1"]
[WhiteElo "2137"]
[BlackElo "2414"]
[Annotator "Crafty v16.5"]
[PlyCount "71"]

{annotating for player Hossa using a scoring margin of +0.10 pawns. search
time limit is 20.00} 1. e4 1... d5 2. exd5 Qxd5 3. Nc3 Qe6+ 4. Be2 Qg6 5. Bf3
Nc6 6. d3 Nd4 7. Be3 e5 8. Bxd4 exd4 9. Qe2+ Kd8 10. Nb5 Qb6 11. Qe5 Bd7 12. a4
Nf6 13. O-O-O a6 14. Nxd4 Bd6 15. Qg5 ({10:-1.71} 15. Qg5 15... Qxd4 16. Ne2
Qe5 17. Qxg7 Rg8 18. Qh6 Kc8 19. d4 19... Qf5 $19) ({10:-0.31} 15. Qe3 15...
Re8 16. a5 Qa7 17. Be4 Ng4 18. Qg5+ f6 19. Qd5 Nxf2 20. Qxb7 Nxh1 21. Qxa8+
Qxa8 22. Bxa8 22... Bxh2 $15) 15... Qxd4 16. Qxg7 Ke7 17. Re1+ ({8:-2.58} 17.
Re1+ 17... Be5 18. c3 Qf4+ 19. Kb1 Bf5 20. Rxe5+ Qxe5 21. Bxb7 Bxd3+ 22. Ka2
22... Rad8 $19) ({8:-2.04} 17. Ne2 17... Qxa4 18. Nc3 Qf4+ 19. Kb1 c6 20. Rde1+
Be6 21. Ne4 21... Rag8 $19) 17... Be5 18. c3 Qf4+ 19. Kb1 Rag8 20. g3 Qd2 21.
Rxe5+ Be6 22. Qxh8 Qxd3+ 23. Kc1 Qf1+ 24. Kc2 Rxh8 25. g4 ({8:-4.07} 25. g4
25... Qc4 26. g5 Qxa4+ 27. Kb1 Nd7 28. Re3 Qa2+ 29. Kc2 29... Nc5 $19) ({
8:-3.95} 25. Bxb7 25... Ng4 26. Ne2 Qxf2 27. Re4 f5 28. Rxe6+ Kxe6 29. Bxa6
29... Nxh2 $19) 25... Kd6 26. Re3 Nxg4 27. Rxe6+ fxe6 28. Bxg4 Rf8 29. Kb3 b5
30. Bf3 bxa4+ 31. Kc2 Qxf2+ 32. Ne2 Rxf3 33. Rd1+ Ke7 34. Rd2 Qe1 35. h4 Rf1
36. c4 0-1

[Event "ICS rated bullet match"]
[Site "207.99.5.190"]
[Date "1999.03.14"]
[Round "?"]
[White "Hossa"]
[Black "rajah"]
[Result "0-1"]
[WhiteElo "2377"]
[BlackElo "2389"]
[Annotator "Crafty v16.5"]
[PlyCount "74"]

{annotating for player Hossa using a scoring margin of +0.10 pawns. search
time limit is 20.00} 1. e4 1... e5 2. Nf3 Nc6 3. Bb5 a6 4. Ba4 ({9:-0.10} 4.
Ba4 4... Bc5 5. Bxc6 dxc6 6. Nc3 Bg4 7. Na4 Bb4 8. O-O Bxf3 9. Qxf3 Bxd2 10.
Bxd2 10... Qxd2 $10) ({9:+0.14} 4. Bxc6 4... dxc6 5. Nc3 Bg4 6. h3 Bxf3 7. Qxf3
Nh6 8. d3 Qf6 9. Qxf6 9... gxf6 $10) 4... Nf6 5. O-O Nxe4 6. Qe2 b5 7. Qxe4 d5
8. Qe3 bxa4 9. Nxe5 Nxe5 10. Qxe5+ Be6 11. Re1 d4 12. Re4 c5 13. Qh5 ({10:+0.61
} 13. Qh5 13... Qd6 14. Qg4 Qd5 15. Re2 Ra7 16. Na3 c4 17. Rb1 Bxa3 18. bxa3
$14) ({10:+1.86} 13. f4 13... Kd7 14. f5 Bc4 15. Na3 f6 16. Qf4 Bd5 17. Re2
17... Kc6 $18) 13... Qd6 14. d3 ({9:+0.27} 14. d3 14... Be7 15. Qe2 O-O 16. Bf4
Qb6 17. c3 Rae8 18. Na3 $10) ({9:+0.61} 14. Qg4 14... Qd5 15. Re1 c4 16. d3 Rc8
17. Bf4 Qb5 18. dxc4 18... Qxb2 $14) 14... Be7 15. Bf4 ({9:+0.07} 15. Bf4 15...
Qb6 16. b3 axb3 17. axb3 Qc6 18. Qe5 O-O 19. Nd2 19... Rae8 $10) ({9:+0.32} 15.
Na3 15... O-O 16. Nc4 Bxc4 17. dxc4 a3 18. b3 f5 19. Re2 19... g6 $14) 15...
Qb6 16. Bg5 ({9:-3.44} 16. Bg5 16... Bxg5 17. Na3 Be7 18. Rae1 O-O 19. Nc4 Qc7
20. f4 $19) ({9:+0.13} 16. Bc1 16... O-O 17. Na3 Rae8 18. Qe2 Bf6 19. Nc4 Qc6
20. Ne5 $10) 16... Bxg5 17. Qxg5 ({9:-3.83} 17. Qxg5 17... Qxb2 18. Re1 Qxa1
19. Qxg7 Kd7 20. Qe5 Bxa2 21. Na3 $19) ({9:-3.45} 17. Na3 17... Be7 18. Nc4 Qc6
19. Qe5 O-O 20. Rae1 Rae8 21. f4 $19) 17... Qxb2 18. Re1 Qxa1 19. Qxg7 ({
9:-4.41} 19. Qxg7 19... Kd7 20. Qe5 Kc6 21. a3 Rab8 22. Nd2 Qxa3 23. Ne4 $19) (
{9:-4.25} 19. Qxc5 19... Rb8 20. Qc6+ Ke7 21. Qc7+ Kf6 22. Qe5+ Kg6 23. Qg3+
Kh5 24. Qf3+ Kg5 25. Qg3+ Bg4 26. Qe5+ 26... Kg6 $19) 19... Kd7 20. Qe5 Rhe8
21. Nd2 Qc3 22. Rb1 Bb3 23. Qf5+ Kc6 24. cxb3 Qxd2 25. Rf1 axb3 26. axb3 Re1
27. Qf3+ Kb6 28. g4 Rae8 29. Qf6+ Ka5 30. Qf5 R8e5 31. Qxh7 Qd1 32. b4+ cxb4
33. Qh3 Rxf1+ 34. Qxf1 Qxg4+ 35. Kh1 Qf3+ 36. Kg1 Rg5+ 37. Qg2 Qxg2# 0-1

[Event "ICS rated standard match"]
[Site "207.99.5.190"]
[Date "1999.03.14"]
[Round "?"]
[White "Kind-Bishop"]
[Black "Hossa"]
[Result "0-1"]
[WhiteElo "1865"]
[BlackElo "2132"]
[PlyCount "128"]

1. e4 e5 2. Nf3 Nc6 3. Bb5 a6 4. Ba4 Nf6 5. O-O Be7 6. Re1 b5 7. Bb3 O-O 8. c3
d6 9. h3 Na5 10. Bc2 Bb7 11. d4 exd4 12. cxd4 Re8 13. Nc3 b4 14. Na4 Bc6 15. d5
Bb5 16. Bd2 c5 17. a3 bxa3 18. Rxa3 Nc4 19. Ra2 Nxd2 20. Nxd2 Nd7 21. b3 Bg5
22. Nc4 Bxc4 23. bxc4 Rb8 24. Qe2 Qf6 25. Rb1 Rxb1+ 26. Bxb1 Rb8 27. Bc2 Rb4
28. g3 Qe7 29. f4 Bf6 30. Kg2 Bd4 31. Qd3 Nf6 32. Kf3 Rb8 33. Nc3 Rb6 34. Ne2
Qc7 35. Nxd4 cxd4 36. Qxd4 Nd7 37. Rb2 Rxb2 38. Qxb2 Qxc4 39. Qb1 f5 40. exf5
Qxd5+ 41. Be4 Qc4 42. Qb7 Nf6 43. Qb8+ Kf7 44. Qb7+ Kf8 45. Qb8+ Ne8 46. Qa8
Ke7 47. Qa7+ Nc7 48. Qe3 Kf7 49. Kg4 Qc5 50. Qb3+ d5 51. Bf3 a5 52. Qa4 Ke7 53.
Qa1 d4 54. Qe1+ Kf6 55. Qe4 a4 56. Be2 a3 57. Bd3 a2 58. Qe1 Qc3 59. Qe5+ Kf7
60. f6 gxf6 61. Qh5+ Ke7 62. Qxh7+ Kd6 63. Qf5 Nd5 64. Be4 64... Ne3+ {
Kind-Bishop resigns} 0-1

[Event "ICS rated standard match"]
[Site "207.99.5.190"]
[Date "1999.03.14"]
[Round "?"]
[White "Hossa"]
[Black "TDChess"]
[Result "0-1"]
[WhiteElo "2138"]
[BlackElo "2419"]
[Annotator "Crafty v16.5"]
[PlyCount "109"]

{annotating for player Hossa using a scoring margin of +0.10 pawns. search
time limit is 20.00} 1. e4 1... d5 2. exd5 Qxd5 3. Nc3 Qe6+ 4. Be2 Qg6 5. Bf3
Nc6 6. d3 Nd4 7. Be3 e5 8. Bxd4 exd4 9. Qe2+ Kd8 10. Nb5 Qb6 11. Qe5 Bd7 12. a4
Nf6 13. Ne2 ({8:-0.43} 13. Ne2 13... Bb4+ 14. Kf1 Bc5 15. Qg5 Bxb5 16. axb5
Qxb5 17. Qxg7 17... Ke7 $15) ({8:-0.30} 13. O-O-O 13... c5 14. Bd5 Bxb5 15.
axb5 Bd6 16. Qg5 Ke7 17. Be4 $10) 13... Bb4+ 14. c3 dxc3 15. bxc3 ({8:-0.52} 
15. bxc3 15... Re8 16. Qf4 Bxb5 17. cxb4 Bxd3 18. Rd1 18... Qa6 $15) ({8:-0.35
} 15. Nbxc3 15... Re8 16. Qg5 Bxc3+ 17. bxc3 Qb2 18. O-O Rxe2 19. Bxe2 Qxe2 20.
Qxg7 $15) 15... Re8 16. Qg5 ({9:-0.72} 16. Qg5 16... Bxb5 17. cxb4 Bc6 18. Bxc6
Qxc6 19. Kf1 g6 20. Nd4 20... Qd6 $17) ({9:-0.18} 16. Qf4 16... Bc5 17. O-O
Bxb5 18. axb5 Qxb5 19. Rfe1 Bd6 20. Qd4 20... a5 $10) 16... Bxb5 17. cxb4 Bc6
18. Bxc6 Qxc6 19. Kf1 Kc8 20. Re1 g6 21. Qf4 ({9:-0.04} 21. Qf4 21... Nd5 22.
Qg4+ Qd7 23. Qd4 c6 24. f3 Kc7 25. Kf2 25... Ne3 $10) ({9:+0.08} 21. b5 21...
Qd6 22. d4 Nd5 23. f3 Nb6 24. a5 Nc4 25. a6 $10) 21... Qe6 22. a5 Nd5 23. Qd4 (
{9:-0.40} 23. Qd4 23... c6 24. Qb2 Qf5 25. Qb1 Kc7 26. b5 c5 27. Qc2 $15) ({
9:-0.03} 23. Qc4 23... Qc6 24. Rb1 Rd8 25. Qxc6 bxc6 26. Nd4 Nc3 27. Rb3 Kb7
28. Rxc3 28... Rxd4 $10) 23... f5 24. Rg1 ({9:-0.50} 24. Rg1 24... c6 25. Qc4
a6 26. Qh4 Qe7 27. Qh3 Kc7 28. Qg3+ 28... Qe5 $15) ({9:-0.24} 24. Qc4 24... f4
25. Kg1 f3 26. gxf3 Qd6 27. Qg4+ Kb8 28. b5 28... Nf4 $10) 24... f4 25. b5 Kd8
26. a6 bxa6 27. bxa6 Rb8 28. Qe4 Qxe4 29. dxe4 Rxe4 30. f3 Re5 31. Rd1 Kc8 32.
Rd2 Rb6 33. g3 Rb1+ 34. Kf2 Rxg1 35. Kxg1 fxg3 36. hxg3 Nb4 37. Nf4 Nxa6 38.
Rh2 Re1+ 39. Kf2 Re7 40. Rh6 Nb4 41. Nh3 a5 42. Kg2 a4 43. Rh4 Re2+ 44. Kf1 Rb2
45. Re4 a3 46. Re3 Nc2 47. Re4 Rb4 48. Re5 Ra4 49. Rc5 a2 50. Rxc2 a1=Q+ 51.
Kg2 Qd1 52. Rf2 Ra1 53. g4 h5 54. gxh5 gxh5 55. Kg3 0-1

[Event "ICS rated standard match"]
[Site "207.99.5.190"]
[Date "1999.03.14"]
[Round "?"]
[White "TDChess"]
[Black "Hossa"]
[Result "1-0"]
[WhiteElo "2424"]
[BlackElo "2133"]
[Annotator "Crafty v16.5"]
[PlyCount "118"]

{annotating for player Hossa using a scoring margin of +0.10 pawns. search
time limit is 20.00} 1. d4 1... Nf6 2. Nf3 e6 3. e3 Be7 4. Bd3 O-O 5. O-O d5 6.
c4 Nc6 7. Nc3 Nb4 8. Be2 Bd7 9. a3 Nc6 10. b4 dxc4 11. Bxc4 Qe8 ({9:-0.83} 
11... Qe8 12. Ne5 Bc8 13. Bb5 Bd7 14. Nxd7 Qxd7 15. f4 a5 16. Bxc6 16... Qxc6
$16) ({9:-0.43} 11... a6 12. Ne5 Nxe5 13. dxe5 Ne8 14. Ra2 Bc6 15. Rd2 Qc8 16.
Qc2 $14) 12. e4 Kh8 ({8:-0.75} 12... Kh8 13. e5 Ng8 14. Bf4 Rd8 15. Qd3 a5 16.
b5 $16) ({8:-0.47} 12... Bc8 13. e5 Nd7 14. Qd3 Nb6 15. Ng5 Bxg5 16. Bxg5 Nxc4
17. Qxc4 $14) 13. Be2 Rc8 14. Re1 a6 15. Ne5 Nxe5 16. dxe5 Ng8 17. Rb1 Rd8 18.
Qc2 Bc6 ({9:-0.62} 18... Bc6 19. Bf4 f6 20. Rbd1 Qf7 21. Bc4 fxe5 22. Rxd8 Rxd8
23. Bxe5 $14) ({9:-0.44} 18... f6 19. Bf4 fxe5 20. Bxe5 Qf7 21. Bc4 Bf6 22. Bg3
Ne7 23. Rbd1 $14) 19. a4 f6 20. b5 axb5 21. axb5 Bd7 22. exf6 Bxf6 23. Be3 Be5
24. Na4 Qg6 ({9:-0.61} 24... Qg6 25. Nc5 Bc8 26. Rbd1 Bd6 27. Qc4 Nf6 28. f4
28... Qf7 $14) ({9:-0.50} 24... c6 25. Nc5 cxb5 26. Nxd7 Qxd7 27. Bxb5 Qc7 28.
Qxc7 Bxc7 29. Bc4 29... Ba5 $14) 25. Nc5 Bc8 26. b6 c6 27. Qa2 Qf6 28. Bg4 Bd6
29. Nxe6 Bxe6 30. Bxe6 Rde8 31. Bxg8 Rxg8 32. f3 Qe5 33. g3 Rgf8 34. Kg2 Qh5
35. Qe2 Rf7 36. Red1 Be5 37. Rd2 Bc3 38. Rd3 Be5 39. Rbd1 Ref8 40. R1d2 Re8 41.
f4 Qxe2+ 42. Rxe2 Bb8 43. e5 Kg8 44. Bc5 g5 45. Red2 gxf4 46. Rd8 f3+ 47. Kf2
Rff8 48. Bxf8 Kxf8 49. e6 Ke7 50. R2d7+ Kxe6 51. Rxe8+ Kxd7 52. Rxb8 Kd6 53.
Rxb7 Kc5 54. Rxh7 Kd5 55. b7 Kd4 56. b8=Q Kc4 57. Qd6 c5 58. Rb7 Kc3 59. Ke3 c4
1-0